00756nam a22002057a 450000500170000001000150001702000260003203500140005803700090007208200200008110000260010124500310012725000170015826000420017527001070021730000200032494200350034499900190037995201520039820241025152509.0 aENG-142449 a9789353432751c650.00 aEN-125981 bDBAD 22 Updated a512 aArtin, Michael973492 aAlgebra/cBy Michael Artin a2 (Updated)  aNoida bPearson India Educationc2024 a15th floor, Tower- B, World Trade Tower, plot No.1, Block -C, Sector-16, Noida,bUttar Pradeshe201301 a541p.c23cm(pb) 2ddccENh512mARTe2 (Updated) c206769d206769 001040708NFICaBNbBNd2024-10-25eDelivery of Books Act Divisiong650.00l0o512 ARTpEN-125981r2024-10-25 00:00:00t1v650.00w2024-10-25yEN